| 000 | 00851nam a2200253Ia 4500 | ||
|---|---|---|---|
| 003 | OSt | ||
| 005 | 20220923211432.0 | ||
| 006 | a|||||r|||| 00| 0 | ||
| 007 | ta | ||
| 008 | 220922b |||||||| |||| 00| 0 hin d | ||
| 020 |
_a9789350001370 (hbk) _c375 |
||
| 024 | _a242,483 | ||
| 037 |
_b446, 18/02/2010, Vani Prakashan _cTextual |
||
| 040 |
_aARTS _cARTS _bhin |
||
| 041 |
_2hin _ahin |
||
| 082 | _aO152,3N587,1, P9 | ||
| 100 | _aमीरा कांत | ||
| 245 | 0 | _aएक कोई था कहीं नहीं सा | |
| 246 | _aEk koī thā kahīan nahīan sā | ||
| 260 |
_aनयी दिल्ली _b वाणी प्रकाशन _c2009 |
||
| 300 |
_a230पृ. _ccm. |
||
| 942 |
_hO152,3N587,1, P9 _cTEXL _2CC |
||
| 999 |
_c299473 _d299473 |
||